00742 2200217 4500001002100000005001500021035002000036007000300056008004100059020002200100082001100122084001700133100004300150245007000193250001100263260004600274300002100320650001400341520014900355990002000504INLIS00000000000694820250904085506 a0010-0925000076ta250904 0 ind  a978-623-164-853-2 a658.81 a658.81 Wij m1 aWijayati, Hasna ;Andika Drajat Murdani1 aMetode Pemasaran Digital /cHasna Wijayati; Andika Drajat Murdani aCet. 1 aYogyakarta :bAnak Hebat Indonesia,c2024 a277 hlm ;c20 cm 4aPemasaran aBerisi tentang konsep pemasaran digital yang kompleks dan dinamis, serta pendalaman tentang SEO, meda sosial, konten digital, masih banyak lagi. a109/yoma/h/2025